| 000 | 00317 a2200121 4500 | ||
|---|---|---|---|
| 082 | _a657 | ||
| 090 |
_c2157 _d2157 |
||
| 100 | _aR.L. Gupta | ||
| 245 |
_aProblems and Solution in Advanced Accounting _cR.L. Gupta |
||
| 260 |
_aNew Delhi, India _bSultan Chand & Sons _c1996 |
||
| 300 | _a854 | ||
| 942 |
_aNBS _cBK _k657 GUP |
||
| 999 |
_c344659 _d344659 |
||